DLS 25 top 32 players highest rating - Statistics

General Stats
  • This quiz has been taken 58 times
    57 since last reset
  • The average score is 14 of 32
Answer Stats
OVR/POS Player % Correct
86/CF Kylian Mbappe Lotin
86%
86/CF Erling Braut Haaland
83%
83/LW Heung-Min Son
81%
86/CDM Rodri
81%
86/RW Mohamed Salah
79%
83/SS Lionel Messi
74%
86/LW Vinicius Junior
69%
86/CF Harry Kane
67%
85/CAM Kevin De Bruyne
67%
85/CAM Jude Bellingham
60%
85/CB Virgil Van Dijk
57%
85/GK Alisson Becker
52%
84/GK Thibaut Courtois
52%
85/CF Lautaro Martinez
48%
85/CF Robert Lewandowski
40%
84/CB William Saliba
40%
84/RB Achraf Hakimi
38%
84/CB Antonio Rudiger
38%
84/RW Bukayo Saka
38%
83/RW Rodrygo
38%
85/CM Federico Valverde
36%
84/LW Raphinha
33%
84/RW Phil Foden
31%
84/CM Nicolo Barella
26%
84/CF Antoine Griezmann
24%
83/GK Marc-Andre Ter Stegen
21%
83/CAM Cole Palmer
19%
84/CAM Martin Odegaard
17%
83/CB Allesandro Bastoni
14%
83/LW Khvicha Kvaratskhelia
14%
83/RB Trent Alexander-Arnold
12%
83/GK Yann Sommer
12%
No matching quizzes found
Score Distribution
Percent of People with Each Score
Percentile by Number Answered
Your Score History
You have not taken this quiz since the last reset